000 00593pam a2200229 a 4500
001 1934593
005 20180212041057.0
008 861117s1987 nyu b 001 0 eng
010 _a 86029839
020 _a0312004672 :
_c$30.00
040 _aDLC
_cDLC
_dDLC
041 _aeng
043 _an-us---
080 _a370..973 DON
082 0 0 _a370..973 DON
_219
100 1 _a47
101 _aEDU
245 1 0 _aEducation and the US government /
_cDonald K. Sharpes.
504 _aBibliography: p. 183-184.
906 _a7
_bcbc
_corignew
_d1
_eocip
_f19
_gy-gencatlg
942 _2ddc
_cBK
999 _c42310
_d42310